|
|
|
|
| LEADER |
00000cam a2200000 7i4500 |
| 001 |
0000001098 |
| 005 |
20140102.0 |
| 020 |
0 |
0 |
|a 967993358X
|
| 090 |
0 |
0 |
|a 658.562
|b HAL 1999
|
| 100 |
0 |
0 |
|a HALIM Shafie
|
| 245 |
1 |
0 |
|a MS ISO 9000 :
|b A practical guide for implementation in the civil service
|c Halim Shafie, P. Manogran
|
| 260 |
0 |
0 |
|a Kuala Lumpur :
|b Institut Tadbiran Negara (INTAN) ,
|c 1999
|
| 300 |
|
|
|a xvii, 188 p. ;
|c 21 cm.
|
| 500 |
0 |
0 |
|a Bibliography : [p. 186-188]
|
| 650 |
0 |
0 |
|a Civil service
|z Malaysia
|
| 650 |
0 |
0 |
|a ISO 9000 series standards
|
| 650 |
0 |
0 |
|a Quality control
|x Standards
|z Malaysia
|
| 700 |
0 |
1 |
|a Manogran
|h P.
|
| 998 |
|
|
|a JPSM
|
| 999 |
|
|
|a 0000002306
|b Monograph
|c Open Shelf
|e Default branch
|
| 999 |
|
|
|a 0000002307
|b Monograph
|c Reference
|e Default branch
|